[Event "U12 Burschen Blitz"]
[Site "austriaU18boys"]
[Date "2020.12.11"]
[Round "1"]
[White "UrosN"]
[Black "DoHoChess"]
[Result "1-0"]
[WhiteElo "1905"]
[BlackElo "2327"]
[PlyCount "61"]
[EventDate "2020.12.11"]
[EventType "blitz"]

1. d4 {[%emt 0:00:02]} d5 {[%emt 0:00:06]} 2. c4 {[%emt 0:00:01]} e6 {[%emt 0:00:01]} 3. Nc3 {[%emt 0:00:01]} c5 {[%emt 0:00:02]} 4. cxd5 {[%emt 0:00:02]} exd5 {[%emt 0:00:01]} 5. Nf3 {[%emt 0:00:01]} Nf6 {[%emt 0:00:01]} 6. Bg5 {[%emt 0:00:02]} Be6 {[%emt 0:00:01]} 7. e3 {[%emt 0:00:01]} c4 {[%emt 0:00:01]} 8. Be2 {[%emt 0:00:08]} Bb4 {[%emt 0:00:01]} 9. O-O {[%emt 0:00:02]} Nbd7 {[%emt 0:00:02]} 10. Qa4 {[%emt 0:00:17]} Be7 {[%emt 0:00:28]} 11. Ne5 {[%emt 0:00:13]} O-O {[%emt 0:00:05]} 12. Bf3 {[%emt 0:00:08]} h6 {[%emt 0:00:23]} 13. Bh4 {[%emt 0:00:13]} g5 {[%emt 0:00:11]} 14. Bg3 {[%emt 0:00:05]} g4 {[%emt 0:00:01]} 15. Be2 {[%emt 0:00:18]} Nxe5 {[%emt 0:00:42]} 16. dxe5 {[%emt 0:00:18]} Nh5 {[%emt 0:00:07]} 17. Rfd1 {[%emt 0:00:18]} Nxg3 {[%emt 0:00:01]} 18. hxg3 {[%emt 0:00:02]} Rc8 {[%emt 0:00:27]} 19. Rd2 {[%emt 0:00:38]} Bc5 {[%emt 0:00:12]} 20. Ne4 {[%emt 0:00:12]} Bd7 {[%emt 0:00:18]} 21. Nf6+ {[%emt 0:00:03]} Qxf6 {[%emt 0:00:01]} 22. Qxd7 {[%emt 0:00:00]} Qxe5 {[%emt 0:00:05]} 23. Qxg4+ {[%emt 0:00:06]} Kh8 {[%emt 0:00:04]} 24. Rad1 {[%emt 0:00:02]} Rg8 {[%emt 0:00:15]} 25. Qh3 {[%emt 0:00:05]} Rg6 {[%emt 0:00:08]} 26. Qxc8+ {[%emt 0:00:03]} Kh7 {[%emt 0:00:01]} 27. Bg4 {[%emt 0:00:07]} Bxe3 {[%emt 0:00:01]} 28. Qf5 {[%emt 0:00:10]} Qe7 {[%emt 0:00:07]} 29. fxe3 {[%emt 0:00:06]} Qxe3+ {[%emt 0:00:00]} 30. Qf2 {[%emt 0:00:04]} Qe5 {[%emt 0:00:01]} 31. Bf5 {[%emt 0:00:02] DoHoChess gibt auf} 1-0

[Event "U12 Burschen Blitz"]
[Site "austriaU18boys"]
[Date "2020.12.11"]
[Round "2"]
[White "DoHoChess"]
[Black "Dagobert Duck"]
[Result "1-0"]
[WhiteElo "2296"]
[BlackElo "2018"]
[PlyCount "59"]
[EventDate "2020.12.11"]
[EventType "blitz"]

1. Nf3 {[%emt 0:00:02]} d6 {[%emt 0:00:02]} 2. d4 {[%emt 0:00:01]} g6 {[%emt 0:00:02]} 3. g3 {[%emt 0:00:03]} Bg7 {[%emt 0:00:01]} 4. Bg2 {[%emt 0:00:00]} Nf6 {[%emt 0:00:01]} 5. O-O {[%emt 0:00:05]} O-O {[%emt 0:00:01]} 6. c4 {[%emt 0:00:00]} Nbd7 {[%emt 0:00:02]} 7. Nc3 {[%emt 0:00:01]} e5 {[%emt 0:00:02]} 8. e4 {[%emt 0:00:00]} exd4 {[%emt 0:00:01]} 9. Nxd4 {[%emt 0:00:00]} Re8 {[%emt 0:00:01]} 10. h3 {[%emt 0:00:01]} a6 {[%emt 0:00:02]} 11. Be3 {[%emt 0:00:11]} Rb8 {[%emt 0:00:01]} 12. Rc1 {[%emt 0:00:27]} c5 {[%emt 0:00:30]} 13. Nb3 {[%emt 0:00:07]} b5 {[%emt 0:00:00]} 14. Qxd6 {[%emt 0:00:10]} Rb6 {[%emt 0:00:33]} 15. Qd2 {[%emt 0:00:07]} bxc4 {[%emt 0:00:09]} 16. Na5 {[%emt 0:00:19]} Ne5 {[%emt 0:00:28]} 17. Qxd8 {[%emt 0:00:27]} Rxd8 {[%emt 0:00:00]} 18. Rcd1 {[%emt 0:00:01]} Bd7 {[%emt 0:00:42]} 19. f4 {[%emt 0:00:09]} Nd3 {[%emt 0:00:11]} 20. Nxc4 {[%emt 0:00:01]} Rb4 {[%emt 0:00:01]} 21. Rxd3 {[%emt 0:00:09]} Rxc4 {[%emt 0:00:01]} 22. e5 {[%emt 0:00:01]} Nh5 {[%emt 0:00:27]} 23. Rfd1 {[%emt 0:00:02]} Nxg3 {[%emt 0:00:00]} 24. Rxd7 {[%emt 0:00:03]} Rxd7 {[%emt 0:00:00]} 25. Rxd7 {[%emt 0:00:01]} Bh6 {[%emt 0:00:00]} 26. Bd5 {[%emt 0:00:06]} Rb4 {[%emt 0:00:03]} 27. Rd8+ {[%emt 0:00:05]} Kg7 {[%emt 0:00:02]} 28. Bxc5 {[%emt 0:00:01]} Rxb2 {[%emt 0:00:10]} 29. Bf8+ {[%emt 0:00:02]} Kg8 {[%emt 0:00:00]} 30. Bxh6# {[%emt 0:00:01] (Lag: Av=0.37s, max=1.2s) Mate} 1-0

[Event "U12 Burschen Blitz"]
[Site "austriaU18boys"]
[Date "2020.12.11"]
[Round "2"]
[White "Konstantin Peyrer"]
[Black "Jules2520"]
[Result "1-0"]
[WhiteElo "2267"]
[BlackElo "1632"]
[Annotator "NA"]
[PlyCount "49"]
[EventDate "2020.12.11"]
[EventType "blitz"]

1. d4 {[%emt 0:00:13]} Nf6 {[%emt 0:00:01]} 2. Bf4 {[%emt 0:00:07]} d5 {[%emt 0:00:01]} 3. e3 {[%emt 0:00:14]} c5 {[%emt 0:00:01]} 4. c3 {[%emt 0:00:02]} Nc6 {[%emt 0:00:01]} 5. Nd2 {[%emt 0:00:02]} e6 {[%emt 0:00:10]} 6. Ngf3 {[%emt 0:00:06]} b6 {[%emt 0:00:22]} 7. Bb5 {[%emt 0:00:11]} Bd7 {[%emt 0:00:11]} 8. Qa4 {[%emt 0:00:02]} Rc8 {[%emt 0:00:11]} 9. h3 {[%emt 0:00:17]} Nb8 {[%emt 0:00:27]} 10. Ne5 {[%emt 0:00:08]} Bxb5 {[%emt 0:00:15]} 11. Qxb5+ {[%emt 0:00:00]} Nbd7 {[%emt 0:00:04]} 12. O-O {[%emt 0:00:11]} Nh5 {[%emt 0:00:13]} 13. Bh2 {[%emt 0:00:07]} g6 {[%emt 0:00:22]} 14. a4 {[%emt 0:00:06]} Bd6 {[%emt 0:00:23]} 15. Ndf3 {[%emt 0:00:21]} Qc7 {[%emt 0:00:05]} 16. a5 {[%emt 0:00:11]} f6 {[%emt 0:00:20]} 17. axb6 {[%emt 0:00:08]} axb6 {[%emt 0:00:07]} 18. Nxd7 {[%emt 0:00:07]} Bxh2+ {[%emt 0:00:04]} 19. Nxh2 {[%emt 0:00:00]} Qxd7 {[%emt 0:00:04]} 20. Qxb6 {[%emt 0:00:01]} O-O {[%emt 0:00:11]} 21. Ra7 {[%emt 0:00:05]} Qc6 {[%emt 0:00:01]} 22. dxc5 {[%emt 0:00:08]} Qxc5 {[%emt 0:00:02]} 23. Qxe6+ {[%emt 0:00:01]} Kh8 {[%emt 0:00:00]} 24. Ng4 {[%emt 0:00:02]} Rce8 {[%emt 0:00:02]} 25. Qd7 {[%emt 0:00:05] Jules2520 resigns (Lag: Av=0.75s, max=1.6s)} 1-0

[Event "U12 Burschen Blitz"]
[Site "austriaU18boys"]
[Date "2020.12.11"]
[Round "2"]
[White "Sebsep1"]
[Black "UrosN"]
[Result "1-0"]
[WhiteElo "2008"]
[BlackElo "1936"]
[Annotator "NA"]
[PlyCount "75"]
[EventDate "2020.12.11"]
[EventType "blitz"]

1. e4 {[%emt 0:00:04]} e5 {[%emt 0:00:01]} 2. Nf3 {[%emt 0:00:01]} Nc6 {[%emt 0:00:01]} 3. Bb5 {[%emt 0:00:01]} Nf6 {[%emt 0:00:01]} 4. d3 {[%emt 0:00:07]} Bc5 {[%emt 0:00:01]} 5. O-O {[%emt 0:00:02]} O-O {[%emt 0:00:01]} 6. c3 {[%emt 0:00:02]} d6 {[%emt 0:00:02]} 7. h3 {[%emt 0:00:05]} Ne7 {[%emt 0:00:02]} 8. Nbd2 {[%emt 0:00:02]} Ng6 {[%emt 0:00:01]} 9. Re1 {[%emt 0:00:03]} c6 {[%emt 0:00:01]} 10. Ba4 {[%emt 0:00:02]} h6 {[%emt 0:00:06]} 11. d4 {[%emt 0:00:06]} Bb6 {[%emt 0:00:02]} 12. Nf1 {[%emt 0:00:04]} Nh5 {[%emt 0:00:44]} 13. Ne3 {[%emt 0:00:28]} Nhf4 {[%emt 0:00:14]} 14. Nf5 {[%emt 0:00:03]} d5 {[%emt 0:00:23]} 15. Bc2 {[%emt 0:00:49]} dxe4 {[%emt 0:00:12]} 16. Bxe4 {[%emt 0:00:01]} exd4 {[%emt 0:00:04]} 17. N3xd4 {[%emt 0:00:16]} Bxd4 {[%emt 0:00:35]} 18. Nxd4 {[%emt 0:00:12]} Re8 {[%emt 0:00:17]} 19. Qf3 {[%emt 0:00:12]} Ne6 {[%emt 0:00:36]} 20. Nf5 {[%emt 0:00:13]} Ng5 {[%emt 0:00:06]} 21. Bxg5 {[%emt 0:00:06]} Qxg5 {[%emt 0:00:01]} 22. Nd6 {[%emt 0:00:17]} Rf8 {[%emt 0:00:07]} 23. Rad1 {[%emt 0:00:09]} Be6 {[%emt 0:00:03]} 24. Nxb7 {[%emt 0:00:05]} Rab8 {[%emt 0:00:01]} 25. Bxc6 {[%emt 0:00:02]} Nh4 {[%emt 0:00:00]} 26. Qg3 {[%emt 0:00:03]} Qxg3 {[%emt 0:00:04]} 27. fxg3 {[%emt 0:00:00]} Nf5 {[%emt 0:00:01]} 28. g4 {[%emt 0:00:03]} Ne7 {[%emt 0:00:05]} 29. Bf3 {[%emt 0:00:00]} Ng6 {[%emt 0:00:04]} 30. b3 {[%emt 0:00:04]} Rfc8 {[%emt 0:00:02] '} 31. c4 {[%emt 0:00:04]} Nf4 {[%emt 0:00:00]} 32. Nd6 {[%emt 0:00:04]} Rd8 {[%emt 0:00:03]} 33. Kf2 {[%emt 0:00:03]} Rb6 {[%emt 0:00:01]} 34. c5 {[%emt 0:00:02]} Ra6 {[%emt 0:00:03]} 35. Rd2 {[%emt 0:00:02]} Ra3 {[%emt 0:00:02] '} 36. Rc1 {[%emt 0:00:03]} Ra5 {[%emt 0:00:02] '} 37. Rc3 {[%emt 0:00:02]} a6 {[%emt 0:00:02]} 38. c6 {[%emt 0:00:01] TimeB} 1-0

[Event "U12 Burschen Blitz"]
[Site "austriaU18boys"]
[Date "2020.12.11"]
[Round "2"]
[White "Paligator"]
[Black "Johannes11"]
[Result "1-0"]
[WhiteElo "1998"]
[BlackElo "1620"]
[Annotator "NA"]
[PlyCount "79"]
[EventDate "2020.12.11"]
[EventType "blitz"]

1. c4 {[%emt 0:00:04]} c5 {[%emt 0:00:02]} 2. g3 {[%emt 0:00:02]} g6 {[%emt 0:00:02]} 3. Bg2 {[%emt 0:00:01]} Bg7 {[%emt 0:00:01]} 4. Nc3 {[%emt 0:00:03]} Nc6 {[%emt 0:00:01]} 5. Nf3 {[%emt 0:00:02]} Nf6 {[%emt 0:00:02]} 6. O-O {[%emt 0:00:02]} O-O {[%emt 0:00:01]} 7. d4 {[%emt 0:00:01]} cxd4 {[%emt 0:00:04]} 8. Nxd4 {[%emt 0:00:00]} Nxd4 {[%emt 0:00:02]} 9. Qxd4 {[%emt 0:00:01]} d6 {[%emt 0:00:02]} 10. h3 {[%emt 0:00:22]} a6 {[%emt 0:00:31]} 11. Be3 {[%emt 0:00:04]} Rb8 {[%emt 0:00:16]} 12. Qd2 {[%emt 0:00:18]} Be6 {[%emt 0:00:04]} 13. b3 {[%emt 0:00:07]} Qd7 {[%emt 0:00:13]} 14. Kh2 {[%emt 0:00:03]} Rfd8 {[%emt 0:00:03]} 15. Rac1 {[%emt 0:00:19]} Ne8 {[%emt 0:00:28]} 16. Rfd1 {[%emt 0:00:06]} Nc7 {[%emt 0:00:06]} 17. Bb6 {[%emt 0:00:03]} Rdc8 {[%emt 0:00:11]} 18. h4 {[%emt 0:00:28]} Bf5 {[%emt 0:00:14]} 19. a4 {[%emt 0:00:07]} Ne6 {[%emt 0:00:04]} 20. Nd5 {[%emt 0:00:42]} Nc5 {[%emt 0:00:14]} 21. Qe3 {[%emt 0:00:08]} Be6 {[%emt 0:00:04]} 22. a5 {[%emt 0:00:02]} Bb2 {[%emt 0:00:13]} 23. Rb1 {[%emt 0:00:03]} Be5 {[%emt 0:00:12]} 24. h5 {[%emt 0:00:25]} Kg7 {[%emt 0:00:14]} 25. h6+ {[%emt 0:00:01]} Kg8 {[%emt 0:00:01]} 26. f4 {[%emt 0:00:04]} Bh8 {[%emt 0:00:10]} 27. Bf3 {[%emt 0:00:06]} Bxd5 {[%emt 0:00:12]} 28. Bxd5 {[%emt 0:00:04]} e6 {[%emt 0:00:01]} 29. Bf3 {[%emt 0:00:01]} Rc6 {[%emt 0:00:06]} 30. Bxc5 {[%emt 0:00:01]} Rxc5 {[%emt 0:00:02]} 31. Qxc5 {[%emt 0:00:01]} dxc5 {[%emt 0:00:02]} 32. Rxd7 {[%emt 0:00:01]} b5 {[%emt 0:00:03]} 33. Rbd1 {[%emt 0:00:01]} Bf6 {[%emt 0:00:03]} 34. cxb5 {[%emt 0:00:05]} axb5 {[%emt 0:00:01]} 35. a6 {[%emt 0:00:02]} c4 {[%emt 0:00:01]} 36. bxc4 {[%emt 0:00:01]} bxc4 {[%emt 0:00:00]} 37. a7 {[%emt 0:00:00]} Ra8 {[%emt 0:00:02]} 38. Bxa8 {[%emt 0:00:02]} c3 {[%emt 0:00:03]} 39. Rd8+ {[%emt 0:00:01]} Bxd8 {[%emt 0:00:02]} 40. Rxd8# {[%emt 0:00:01] Mate Mate} 1-0

[Event "U12 Burschen Blitz"]
[Site "austriaU18boys"]
[Date "2020.12.11"]
[Round "2"]
[White "Kreuzturm"]
[Black "Schröttner Tobias"]
[Result "1-0"]
[WhiteElo "1944"]
[BlackElo "1611"]
[Annotator "NA"]
[PlyCount "146"]
[EventDate "2020.12.11"]
[EventType "blitz"]

1. d4 {[%emt 0:00:06]} Nf6 {[%emt 0:00:02]} 2. Nf3 {[%emt 0:00:03]} g6 {[%emt 0:00:01]} 3. g3 {[%emt 0:00:03]} Bg7 {[%emt 0:00:01]} 4. Bg2 {[%emt 0:00:01]} d6 {[%emt 0:00:01]} 5. c4 {[%emt 0:00:04]} Nc6 {[%emt 0:00:01]} 6. Nc3 {[%emt 0:00:03]} Bg4 {[%emt 0:00:02]} 7. O-O {[%emt 0:00:02]} O-O {[%emt 0:00:02]} 8. h3 {[%emt 0:00:45]} Bd7 {[%emt 0:00:04]} 9. e4 {[%emt 0:00:04]} Qc8 {[%emt 0:00:07]} 10. Kh2 {[%emt 0:00:02]} e5 {[%emt 0:00:01]} 11. Be3 {[%emt 0:00:05]} a6 {[%emt 0:00:08]} 12. Re1 {[%emt 0:00:07]} Re8 {[%emt 0:00:19]} 13. Qd2 {[%emt 0:00:26]} Nh5 {[%emt 0:00:25]} 14. Rad1 {[%emt 0:00:19]} Rb8 {[%emt 0:00:13]} 15. a4 {[%emt 0:00:15]} b6 {[%emt 0:00:15]} 16. b3 {[%emt 0:00:02]} Na5 {[%emt 0:00:06]} 17. Qc2 {[%emt 0:00:04]} f5 {[%emt 0:00:34]} 18. dxe5 {[%emt 0:00:10]} dxe5 {[%emt 0:00:13]} 19. Nd2 {[%emt 0:00:21]} f4 {[%emt 0:00:09]} 20. Nd5 {[%emt 0:00:29]} fxe3 {[%emt 0:00:04]} 21. Nxe3 {[%emt 0:00:00]} Be6 {[%emt 0:00:06]} 22. Nd5 {[%emt 0:00:02]} c6 {[%emt 0:00:03]} 23. Ne3 {[%emt 0:00:02]} b5 {[%emt 0:00:07]} 24. axb5 {[%emt 0:00:04]} axb5 {[%emt 0:00:01]} 25. b4 {[%emt 0:00:01]} Nb7 {[%emt 0:00:08]} 26. c5 {[%emt 0:00:01]} Nd8 {[%emt 0:00:02]} 27. Nf3 {[%emt 0:00:02]} Nf7 {[%emt 0:00:02]} 28. Rd2 {[%emt 0:00:04]} Rd8 {[%emt 0:00:02]} 29. Red1 {[%emt 0:00:01]} Qc7 {[%emt 0:00:01]} 30. Ne1 {[%emt 0:00:04]} Rxd2 {[%emt 0:00:02]} 31. Qxd2 {[%emt 0:00:02]} Rd8 {[%emt 0:00:01]} 32. Qc2 {[%emt 0:00:01]} Rd7 {[%emt 0:00:02]} 33. Nd3 {[%emt 0:00:03]} Qd8 {[%emt 0:00:05]} 34. Qe2 {[%emt 0:00:05]} Bc4 {[%emt 0:00:05]} 35. Bf1 {[%emt 0:00:03]} Nf6 {[%emt 0:00:07]} 36. f3 {[%emt 0:00:02]} Ng5 {[%emt 0:00:11]} 37. Nxc4 {[%emt 0:00:03]} bxc4 {[%emt 0:00:01]} 38. Nb2 {[%emt 0:00:05] .} Nxf3+ {[%emt 0:00:08]} 39. Qxf3 {[%emt 0:00:02]} Rd2+ {[%emt 0:00:02]} 40. Rxd2 {[%emt 0:00:01]} Qxd2+ {[%emt 0:00:01]} 41. Qg2 {[%emt 0:00:00]} c3 {[%emt 0:00:02]} 42. Qxd2 {[%emt 0:00:02]} cxd2 {[%emt 0:00:02]} 43. Nd1 {[%emt 0:00:00]} Nxe4 {[%emt 0:00:01]} 44. Bc4+ {[%emt 0:00:02]} Kf8 {[%emt 0:00:01]} 45. Kg2 {[%emt 0:00:01]} Bh6 {[%emt 0:00:03]} 46. Kf3 {[%emt 0:00:01]} Nf6 {[%emt 0:00:02]} 47. Ke2 {[%emt 0:00:02]} Ne4 {[%emt 0:00:02]} 48. g4 {[%emt 0:00:04]} Bf4 {[%emt 0:00:02]} 49. Bd3 {[%emt 0:00:03]} Ng3+ {[%emt 0:00:02]} 50. Kf3 {[%emt 0:00:01]} g5 {[%emt 0:00:03]} 51. Bxh7 {[%emt 0:00:05]} Nf1 {[%emt 0:00:07]} 52. Be4 {[%emt 0:00:02]} Ke7 {[%emt 0:00:07]} 53. Bxc6 {[%emt 0:00:02]} Ke6 {[%emt 0:00:01]} 54. Bb5 {[%emt 0:00:03]} Ng3 {[%emt 0:00:03]} 55. Bc4+ {[%emt 0:00:01]} Kd7 {[%emt 0:00:01]} 56. b5 {[%emt 0:00:01]} e4+ {[%emt 0:00:01]} 57. Kg2 {[%emt 0:00:03]} e3 {[%emt 0:00:01]} 58. Kf3 {[%emt 0:00:02]} Nh1 {[%emt 0:00:04]} 59. Bd5 {[%emt 0:00:02]} Nf2 {[%emt 0:00:01]} 60. Ke2 {[%emt 0:00:05]} Nxd1 {[%emt 0:00:02]} 61. Kxd1 {[%emt 0:00:00]} Kc8 {[%emt 0:00:01]} 62. Ke2 {[%emt 0:00:01]} Kc7 {[%emt 0:00:01]} 63. Bf3 {[%emt 0:00:01]} Kc8 {[%emt 0:00:02]} 64. Bd5 {[%emt 0:00:01]} Kc7 {[%emt 0:00:01]} 65. Be6 {[%emt 0:00:01]} Be5 {[%emt 0:00:01]} 66. Bb3 {[%emt 0:00:03]} Bd4 {[%emt 0:00:01]} 67. c6 {[%emt 0:00:01]} Kb6 {[%emt 0:00:01]} 68. Kd3 {[%emt 0:00:01]} Kxb5 {[%emt 0:00:02]} 69. c7 {[%emt 0:00:04]} Kb4 {[%emt 0:00:03]} 70. c8=Q {[%emt 0:00:02]} Kxb3 {[%emt 0:00:01]} 71. Qc2+ {[%emt 0:00:01]} Kb4 {[%emt 0:00:02]} 72. Kxd4 {[%emt 0:00:01]} d1=Q+ {[%emt 0:00:04]} 73. Qxd1 {[%emt 0:00:01]} e2 {[%emt 0:00:00] Schröttner Tobias resigns} 1-0

[Event "U12 Burschen Blitz"]
[Site "austriaU18boys"]
[Date "2020.12.11"]
[Round "2"]
[White "Pernerstorfer_Max"]
[Black "Beckenbauer23"]
[Result "1-0"]
[WhiteElo "1854"]
[BlackElo "2062"]
[Annotator "NA"]
[PlyCount "73"]
[EventDate "2020.12.11"]
[EventType "blitz"]

1. e4 {[%emt 0:00:02]} c5 {[%emt 0:00:01]} 2. Nf3 {[%emt 0:00:01]} a6 {[%emt 0:00:00]} 3. c3 {[%emt 0:00:02]} g6 {[%emt 0:00:14]} 4. d4 {[%emt 0:00:04]} cxd4 {[%emt 0:00:01]} 5. cxd4 {[%emt 0:00:00]} Bg7 {[%emt 0:00:01]} 6. Nc3 {[%emt 0:00:01]} Nc6 {[%emt 0:00:03]} 7. Be3 {[%emt 0:00:08]} Nf6 {[%emt 0:00:04]} 8. h3 {[%emt 0:00:01]} O-O {[%emt 0:00:08]} 9. Be2 {[%emt 0:00:07]} d6 {[%emt 0:00:10]} 10. O-O {[%emt 0:00:04]} Ne8 {[%emt 0:00:07]} 11. Qd2 {[%emt 0:00:10]} b5 {[%emt 0:00:10]} 12. Rac1 {[%emt 0:00:12]} Bd7 {[%emt 0:00:06]} 13. Rfd1 {[%emt 0:00:04]} Rc8 {[%emt 0:00:13]} 14. Bh6 {[%emt 0:00:05]} Na5 {[%emt 0:00:04]} 15. b3 {[%emt 0:00:22]} e6 {[%emt 0:00:32]} 16. Bxg7 {[%emt 0:00:26]} Kxg7 {[%emt 0:00:00]} 17. e5 {[%emt 0:00:21]} d5 {[%emt 0:00:16]} 18. Bd3 {[%emt 0:00:04]} Qb6 {[%emt 0:00:06]} 19. Ne2 {[%emt 0:00:05]} Nc7 {[%emt 0:00:09]} 20. Ng3 {[%emt 0:00:13]} b4 {[%emt 0:00:02]} 21. Qg5 {[%emt 0:00:03]} h6 {[%emt 0:00:35]} 22. Nh5+ {[%emt 0:00:04]} Kh7 {[%emt 0:00:01]} 23. Nf6+ {[%emt 0:00:01]} Kg7 {[%emt 0:00:03] Beckenbauer23 bietet Remis} 24. Qf4 {[%emt 0:00:08]} Bb5 {[%emt 0:00:05]} 25. Bb1 {[%emt 0:00:03]} Rcd8 {[%emt 0:00:10]} 26. Ng4 {[%emt 0:00:01]} Rh8 {[%emt 0:00:05]} 27. Qf6+ {[%emt 0:00:04]} Kg8 {[%emt 0:00:01]} 28. Qxd8+ {[%emt 0:00:01]} Kg7 {[%emt 0:00:03]} 29. Qxc7 {[%emt 0:00:04]} Qxc7 {[%emt 0:00:07]} 30. Rxc7 {[%emt 0:00:00]} Be2 {[%emt 0:00:00]} 31. Re1 {[%emt 0:00:03]} Bxf3 {[%emt 0:00:01]} 32. gxf3 {[%emt 0:00:00]} h5 {[%emt 0:00:00]} 33. Nf6 {[%emt 0:00:01]} Rb8 {[%emt 0:00:03]} 34. Rec1 {[%emt 0:00:03]} h4 {[%emt 0:00:02]} 35. f4 {[%emt 0:00:03]} Nb7 {[%emt 0:00:04]} 36. Rc8 {[%emt 0:00:02]} Rxc8 {[%emt 0:00:04]} 37. Rxc8 {[%emt 0:00:00] Beckenbauer23 gibt auf} 1-0

[Event "U12 Burschen Blitz"]
[Site "austriaU18boys"]
[Date "2020.12.11"]
[Round "2"]
[White "Couvervan"]
[Black "Flotschiiii"]
[Result "1-0"]
[WhiteElo "1662"]
[BlackElo "1620"]
[Annotator "NA"]
[PlyCount "97"]
[EventDate "2020.12.11"]
[EventType "blitz"]

1. e4 {[%emt 0:00:02]} c5 {[%emt 0:00:04]} 2. Nc3 {[%emt 0:00:01]} d6 {[%emt 0:00:01]} 3. f4 {[%emt 0:00:00]} Nc6 {[%emt 0:00:01]} 4. Nf3 {[%emt 0:00:02]} e6 {[%emt 0:00:01]} 5. Bb5 {[%emt 0:00:01]} Be7 {[%emt 0:00:02]} 6. Bxc6+ {[%emt 0:00:01]} bxc6 {[%emt 0:00:01]} 7. O-O {[%emt 0:00:00]} Nf6 {[%emt 0:00:04]} 8. d3 {[%emt 0:00:01]} O-O {[%emt 0:00:05]} 9. Qe1 {[%emt 0:00:01]} d5 {[%emt 0:00:07]} 10. b3 {[%emt 0:00:06]} Ba6 {[%emt 0:00:08]} 11. e5 {[%emt 0:00:04]} Nd7 {[%emt 0:00:10]} 12. Qg3 {[%emt 0:00:16]} f5 {[%emt 0:00:13]} 13. exf6 {[%emt 0:00:09]} Bxf6 {[%emt 0:00:05]} 14. Bb2 {[%emt 0:00:02]} Bxc3 {[%emt 0:00:07]} 15. Bxc3 {[%emt 0:00:02]} d4 {[%emt 0:00:01]} 16. Bd2 {[%emt 0:00:01]} Qf6 {[%emt 0:00:07]} 17. Rae1 {[%emt 0:00:03]} Nb6 {[%emt 0:00:05]} 18. Re4 {[%emt 0:00:11]} Rae8 {[%emt 0:00:41]} 19. Rfe1 {[%emt 0:00:01]} Bc8 {[%emt 0:00:01]} 20. h3 {[%emt 0:00:26]} Nd5 {[%emt 0:00:03]} 21. Ng5 {[%emt 0:00:11]} h6 {[%emt 0:00:05]} 22. Nf3 {[%emt 0:00:21]} Ne7 {[%emt 0:00:06]} 23. Ne5 {[%emt 0:00:11]} Nf5 {[%emt 0:00:08]} 24. Qf2 {[%emt 0:00:31]} Qh4 {[%emt 0:00:22]} 25. Qxh4 {[%emt 0:00:22]} Nxh4 {[%emt 0:00:00]} 26. Nxc6 {[%emt 0:00:12]} Kh7 {[%emt 0:00:40]} 27. Ne5 {[%emt 0:00:03]} Bb7 {[%emt 0:00:02]} 28. R4e2 {[%emt 0:00:01]} Nf5 {[%emt 0:00:13]} 29. Kh2 {[%emt 0:00:04]} Re7 {[%emt 0:00:08]} 30. g4 {[%emt 0:00:01]} Nd6 {[%emt 0:00:02]} 31. Kg3 {[%emt 0:00:03]} Nb5 {[%emt 0:00:05]} 32. Nc4 {[%emt 0:00:04]} Nc7 {[%emt 0:00:01]} 33. Nd6 {[%emt 0:00:03]} Ba8 {[%emt 0:00:01]} 34. Nc4 {[%emt 0:00:01]} Nd5 {[%emt 0:00:01]} 35. Rxe6 {[%emt 0:00:05]} Rfe8 {[%emt 0:00:01]} 36. Rxe7 {[%emt 0:00:01]} Rxe7 {[%emt 0:00:00]} 37. Rxe7 {[%emt 0:00:01]} Nxe7 {[%emt 0:00:00]} 38. f5 {[%emt 0:00:05]} Nd5 {[%emt 0:00:01]} 39. Nd6 {[%emt 0:00:05]} g6 {[%emt 0:00:01]} 40. Ne4 {[%emt 0:00:06]} gxf5 {[%emt 0:00:06]} 41. gxf5 {[%emt 0:00:00]} Bc6 {[%emt 0:00:02]} 42. Nxc5 {[%emt 0:00:02]} Ne3 {[%emt 0:00:05]} 43. Bxe3 {[%emt 0:00:13]} dxe3 {[%emt 0:00:00]} 44. Ne4 {[%emt 0:00:01]} Kg7 {[%emt 0:00:01]} 45. Kf3 {[%emt 0:00:01]} e2 {[%emt 0:00:10]} 46. Kxe2 {[%emt 0:00:01]} Bxe4 {[%emt 0:00:01]} 47. dxe4 {[%emt 0:00:00]} h5 {[%emt 0:00:01]} 48. Kf3 {[%emt 0:00:00]} Kf6 {[%emt 0:00:00]} 49. Kf4 {[%emt 0:00:01] Flotschiiii resigns} 1-0

[Event "U12 Burschen Blitz"]
[Site "austriaU18boys"]
[Date "2020.12.11"]
[Round "2"]
[White "XsuperMario"]
[Black "Jakob19"]
[Result "0-1"]
[WhiteElo "1620"]
[BlackElo "1989"]
[Annotator "NA"]
[PlyCount "72"]
[EventDate "2020.12.11"]
[EventType "blitz"]

1. d4 {[%emt 0:00:02]} Nf6 {[%emt 0:00:02]} 2. c4 {[%emt 0:00:01]} e6 {[%emt 0:00:01]} 3. Nf3 {[%emt 0:00:03]} d5 {[%emt 0:00:02]} 4. Nc3 {[%emt 0:00:01]} c6 {[%emt 0:00:01]} 5. e3 {[%emt 0:00:01]} Nbd7 {[%emt 0:00:01]} 6. Bd3 {[%emt 0:00:01]} dxc4 {[%emt 0:00:01]} 7. Bxc4 {[%emt 0:00:01]} b5 {[%emt 0:00:00]} 8. Bd3 {[%emt 0:00:02]} Bb7 {[%emt 0:00:01]} 9. O-O {[%emt 0:00:01]} a6 {[%emt 0:00:01]} 10. b3 {[%emt 0:00:02]} c5 {[%emt 0:00:03]} 11. Ne2 {[%emt 0:00:07]} Bd6 {[%emt 0:00:07]} 12. Bb2 {[%emt 0:00:02]} O-O {[%emt 0:00:02]} 13. Ng3 {[%emt 0:00:14]} cxd4 {[%emt 0:00:06]} 14. Bxd4 {[%emt 0:00:07]} Re8 {[%emt 0:01:01]} 15. Bxf6 {[%emt 0:00:33]} Nxf6 {[%emt 0:00:03]} 16. Rc1 {[%emt 0:00:10]} Qe7 {[%emt 0:00:04]} 17. Qe2 {[%emt 0:00:07]} Rac8 {[%emt 0:00:02]} 18. e4 {[%emt 0:00:26]} Bxg3 {[%emt 0:00:27]} 19. hxg3 {[%emt 0:00:06]} e5 {[%emt 0:00:03]} 20. Rfd1 {[%emt 0:00:22]} g6 {[%emt 0:00:06]} 21. Nd2 {[%emt 0:00:36]} Qa3 {[%emt 0:00:14]} 22. Rxc8 {[%emt 0:00:05]} Rxc8 {[%emt 0:00:00]} 23. Ra1 {[%emt 0:00:01]} Qb2 {[%emt 0:00:12]} 24. Qd1 {[%emt 0:00:10]} Rd8 {[%emt 0:00:03]} 25. Rb1 {[%emt 0:00:20]} Qd4 {[%emt 0:00:06]} 26. Qe2 {[%emt 0:00:03]} Qxd3 {[%emt 0:00:02]} 27. Qxd3 {[%emt 0:00:00]} Rxd3 {[%emt 0:00:01]} 28. Nf3 {[%emt 0:00:01]} Bxe4 {[%emt 0:00:05]} 29. Nxe5 {[%emt 0:00:01]} Rd5 {[%emt 0:00:02]} 30. Nc6 {[%emt 0:00:03]} Bxb1 {[%emt 0:00:02]} 31. Nb4 {[%emt 0:00:01]} Rd1+ {[%emt 0:00:02]} 32. Kh2 {[%emt 0:00:02]} a5 {[%emt 0:00:01]} 33. Nc6 {[%emt 0:00:03]} Bxa2 {[%emt 0:00:01]} 34. Nxa5 {[%emt 0:00:02]} Kf8 {[%emt 0:00:04]} 35. b4 {[%emt 0:00:02]} Rb1 {[%emt 0:00:02]} 36. Nc6 {[%emt 0:00:02]} Bd5 {[%emt 0:00:01] XsuperMario resigns} 0-1